Politika sociálnej súdržnosti 2014-2020

Reformovaná politika súdržnosti. Nová politika súdržnosti v skratke. Investície verzus hlavné rastové priority.

Enregistré dans:
Détails bibliographiques
Auteur principal: Veselková, Alexandra
Format: Chapitre de livre
Langue:slovaque
Sujets:
Tags: Ajouter un tag
Pas de tags, Soyez le premier à ajouter un tag!

MARC

LEADER 00000nla a2200000 4500
001 0188935
005 20240502073209.2
041 0 |a slo 
044 |a SK 
245 1 0 |a Politika sociálnej súdržnosti 2014-2020  |c Alexandra Veselková 
520 |a Reformovaná politika súdržnosti. Nová politika súdržnosti v skratke. Investície verzus hlavné rastové priority. 
610 2 0 |a kohézia 
610 2 0 |a kohézia sociálna 
610 2 0 |a Európska únia 
610 2 0 |a regióny 
610 2 0 |a disparita 
610 2 0 |a fond rozvoja 
610 2 0 |a rozvoj regionálny 
100 1 |a Veselková, Alexandra